Estadística general aplicada /

Detalles Bibliográficos
Autor principal: Croxton, Frederick
Otros Autores: Cowden, Dudley J.
Formato: Libro
Publicado: México : Fondo de Cultura económica, 1948.
Materias:
Etiquetas: Agregar Etiqueta
Sin Etiquetas, Sea el primero en etiquetar este registro!

MARC

LEADER 00000nam a22000004a 4500
001 AR-BbUGT1366
003 AR-BbUGT
005 20181220001537.0
007 ta
008 061101t1948 |||a |0|||0| d
040 |a AR-BbUGT  |b spa  |c AR-BbUGT 
082 0 4 |a 310 
100 1 |a Croxton, Frederick. 
245 1 0 |a Estadística general aplicada /   |c por Frederick E. Croxton [y] Dudley J. Cowden; traducción de Teodoro Ortiz y Manuel Bravo. 
260 |a México :   |b Fondo de Cultura económica,   |c 1948. 
300 |a 710 p. :   |b il. ;   |c 24 cm. 
653 |a Estadística 
700 1 |a Cowden, Dudley J. 
942 |c BK  |h 310  |i C886  |m D  |2 ddc  |6 310_000000000000000_C886 
999 |c 9190  |d 9190